Same but different #23 - Statistics

General Stats
  • This quiz has been taken 18 times
  • The average score is 10 of 15
Answer Stats
Clues Answer % Correct
360 in a circle, or something awarded by universities Degree
100%
Half a right angle, is this number, or, the rpm of a 7" single, (in numbers)? 45
85%
James Galway plays this, or, a champagne drinkers glass Flute
85%
Shortened version of aeroplane, or, a tool in joinery Plane
85%
Wealthy contributor, to a charity, for example, or, something you can be, with blood, plasma, or organs Donor
77%
Used to shape nails, or store paperwork File
77%
The green segment on a roulette wheel, or, the site of the Twin Towers atrocity, 'Ground...'? Zero
77%
In bingo lingo, it's dirty knees, or the rpm of an LP, (in numbers)? 33
69%
Pop, brass or big, musically speaking, or when gold, can mean wedding ring Band
69%
Sir Vince, former Business Secretary, or, a method of receiving a TV signal Cable
69%
When something is being sold cheaply, it's 'going for a...', or a type of bird Song
69%
First name of former Radio 1 DJ, Brookes, or, surname of boxer Frank Bruno
62%
Doing a good turn for someone, or an idiom, 'grace and...'? Favour
54%
Something that's been verified, or, gingham, or some tartan for example Checked
46%
To whinge and moan, or, can mean a type of fish Carp
15%
No matching quizzes found
Score Distribution
Percent of People with Each Score
Percentile by Number Answered
Your Score History
You have not taken this quiz